000 00609nam a2200205 u 4500
005 20240831063729.0
008 091208s2005 es r 000 0 spa d
020 _a8495994690
035 _aUPN01000174199
049 _aI
050 4 _aPZ78
_bM8.3
100 1 _aMuñoz Martín, Juan,
_d1929-
_930134
245 1 3 _aEl comisario Nazario :
_bel caso del diamante gigante /
_cJuan Muñoz Martín ; il. Miguel Calero.
260 _aMadrid :
_bMestas,
_c2005.
300 _a144 p. :
_bil.
440 0 _aJuan Muñoz
650 4 _aCuentos infantiles españoles
_97725
905 _aInfantil
999 _c146303
_d146303